000 00496nam a2200181Ia 4500
008 230711s9999||||xx |||||||||||||| ||und||
020 _a978-93-392-2163-8
041 _aENG
082 _a621.815
_bBU-M
100 _aBudynas,Richard G
245 0 _aShigley's Mechanical Engineering Design
250 _a10th Ed.
260 _c2017
_aNew Delhi
_bMcGraw Hill Education(India) Private Limited
300 _a1082p.
650 _aMechanical Engineering
700 _aKeith Nisbett,J
942 _cBK
999 _c6642
_d6642